| 000 | 00869nam a22002055i 4500 | ||
|---|---|---|---|
| 001 | 160955 | ||
| 003 | ES-MaACL | ||
| 005 | 20230906212149.0 | ||
| 008 | 041007s1892 po |||| | por d | ||
| 040 |
_aCAM _bspa _cCAM |
||
| 100 | 1 |
_aOliveira Simões, J.M. d'. _9130622 |
|
| 245 | 1 | 2 |
_aA Scola do Exercito _b: breve noticia da sua historia e da sua situação actual / _cpor J.M. d'Oliveira Simões. |
| 260 |
_aLisboa : _bImprensa Nacional, _c1892. |
||
| 300 |
_a305, [2] p. ; _c25 cm. |
||
| 594 | _aPrecede al tít.: Congresso Pedagogico Hispano-Portuguez-Americano.Secção portugueza. | ||
| 610 | 2 | 4 |
_aEscola do Exercito (Portugal)- _xHistoria. _9134355 |
| 711 | 2 |
_aCongresso Pedagogico Hispano-Portuguez-Americano ( _d1892. _cLisboa ( _d1882. _cLisboa) _9223425 |
|
| 852 |
_aES-MaACL _jG-8267 _z-- Enc. hol., conservando la cub. original |
||
| 999 |
_c160955 _d160955 |
||